00980nam a2200313Ia 450000500170000000800410001702000180005804100080007608200140008410000170009824500870011525000180020230000250022049000400024550000470028550400270033265000260035965000260038565000310041165000210044270000280046394200120049126400250050333600270052833700330055533800280058804000350061699900150065120220317001758.0170328s9999 xx 000 0 und d a9789587712582 aspa04a330bB87p1 aBurneo, Kurt10aPrincipios de economíabversión latinoamericanacKurt Burneo & Fernando Larios a2a. edición a342 páginasc28 cm aCiencias empresariales : Economía aIncluye datos biográficos de los autores aIncluye bibliografía142LEMBaMacroeconomía142LEMBaMicroeconomía142LEMBaTeoría económica142LEMBaEconomía1 aLarios, Fernando990601 2ddccBK aBogotábEcoec2015 atextobtxt2rdacontent asin mediaciónbn2rdamedia avolumenbnc2rdacarrier aCO-BoRNBPbspaerdacCO-BoRNBP c8066d8066